Machine vision: theory, algorithms, practicalities
Salvato in:
| Autore principale: | |
|---|---|
| Natura: | Libro |
| Lingua: | inglese |
| Pubblicazione: |
San Francisco
Elsevier
2005
|
| Edizione: | 3a. ed |
| Soggetti: | |
| Tags: |
Aggiungi Tag
Nessun Tag, puoi essere il primo ad aggiungerne!!
|
MARC
| LEADER | 00000nam a2200000 a 4500 | ||
|---|---|---|---|
| 001 | UCI9984 | ||
| 003 | CL-VaPUC | ||
| 008 | 081218e20050000US |||||||||||||||||eng|d | ||
| 020 | |a 9780122060939 | ||
| 082 | 0 | 4 | |a 006.37 |b DAV |2 21 |
| 100 | 0 | |a Davies, E. R |e author |9 534052 | |
| 245 | 1 | 0 | |a Machine vision: theory, algorithms, practicalities |
| 250 | |a 3a. ed | ||
| 300 | |a 934 p | ||
| 942 | |c BK | ||
| 945 | |d 20081218 00:00:00 |a jtorresc | ||
| 260 | |a San Francisco |b Elsevier |c 2005 | ||
| 650 | 0 | |a Visión por computador |9 534053 | |
| 650 | 0 | |a Procesamiento de imágenes |9 316062 | |
| 650 | 0 | |a Aplicaciones del computador |9 529913 | |
| 650 | 7 | |a INTELIGENCIA ARTIFICIAL |2 CL-VaPUC |9 534055 | |
| 583 | |a last modification |c 20081218 00:00:00 |k Rodrigo Vera | ||
| 999 | |c 332407 |d 332405 | ||
| 952 | |0 0 |1 0 |4 0 |6 006_370000000000000_DAV_2005 |7 0 |8 A |9 420073 |a BIBING |b BIBING |d 2019-11-22 |i 4507908 |l 1 |o 006.37 DAV 2005 |p 4507908 |r 2025-01-20 |s 2023-08-04 |w 2019-11-22 |y BK |k EIE | ||